History Quiz

Random History or Mythology Quiz

The Twelve Olympians-Greek Form Quiz Stats

 Plays Quiz not verified by Sporcle

Support Sporcle.
Go Orange.
Score 0/12 Timer 02:00
0 Plays Today
Roman Form Greek Form % Correct
JupiterZeus
97.5%
VenusAphrodite
96.3%
MercuryHermes
91.3%
MarsAres
90%
JunoHera
87.5%
NeptunePoseidon
87.5%
MinervaAthena
86.3%
ApolloApollo
85%
DianaArtemis
78.8%
CeresDemeter
76.3%
BacchusDionysus
73.8%
VulcanHephaestus
66.3%

You're not logged in!

Compare scores with friends on all Sporcle quizzes.
OR
Log In

From the Vault

Multi-Category Minefield Blitz: Greek Myth

by Thebiguglyalien

Is mythology trivia your Achilles' heel?
Remove Ads.
Support Sporcle.
Get the best of Sporcle when you Go Orange. This ad-free experience offers more features, more stats, and more fun while also helping to support Sporcle. Thank you for becoming a member.

Show Comments

Extras

Top Quizzes Today


Score Distribution

Your Account Isn't Verified!

In order to create a playlist on Sporcle, you need to verify the email address you used during registration. Go to your Sporcle Settings to finish the process.

Report this User

Report this user for behavior that violates our Community Guidelines.

Details: